Club de foot jouant en vert- Mort subite - Statistiques

Statistiques générales
  • Ce quiz a été pris 533 fois
  • Le résultat moyen est 11 sur 18
Answers on the Grid
Answers color-coded by a green-red scale on the quiz's grid according to % correct below.
Saint-Etienne
Wolfsbourg
Werder Brême
Panathinaikos
Heidenheim
Metz
Sète
Red Star
Sassuolo
Seraing
Celtic
Magdebourg
Greuther Fürth
Bologne
Hanovre
Valence
La Louvière
Cercle Bruges
Toulouse
Qarabag
Sporting Lisbonne
Groninguen
Boavista
Flamengo
Racing Santander
Seattle
Palmeiras
Leicester
Southampton
Virton
AEK Athènes
PSV
 
Statistiques - réponses
Réponse % Correct
Saint-Etienne
99%
Wolfsbourg
92%
Celtic
87%
Werder Brême
86%
Panathinaikos
81%
Sporting Lisbonne
79%
Sassuolo
77%
Red Star
67%
Palmeiras
66%
Seattle
45%
Greuther Fürth
43%
Groninguen
43%
Cercle Bruges
38%
Hanovre
36%
Sète
35%
La Louvière
30%
Racing Santander
29%
Virton
25%
Aucun quiz correspondant
Distribution des résultats
% des personnes avec chaque résultat
Percentile par nombre de réponses
Votre historique - résultats
Vous n’avez pas pris ce quiz